| 000 | 00981nam a2200265 a 4500 | ||
|---|---|---|---|
| 001 | 000025021 | ||
| 003 | DO-SdBNP | ||
| 005 | 20180320100306.0 | ||
| 007 | 000025021 | ||
| 008 | 110209s2007 dr ac 000 0 spa d | ||
| 020 | _a9780979226403 | ||
| 040 |
_aBPMSU _bspa _cBPMSU |
||
| 049 | _aBNPD | ||
| 092 |
_axxx _bB726p |
||
| 100 | 1 | _aBorbón Parma, Edita de | |
| 245 | 1 | 0 |
_aPresidente Don Horacio Vásquez Lajara y Doña Trina Moya de Vásquez : _bla verdad sobre su descendencia vinculada a la familia real española desde los tiempos coloniales y víctimas de la dictadura de Trujillo / _cEdita de Borbón Parma. |
| 260 |
_a[Santo Domingo] : _bRazón Real, limited, _c2007. |
||
| 300 |
_av. : _bil., retr. ; _c29 cm. |
||
| 500 | _aLa biblioteca posee el volumen I | ||
| 930 | 1 |
_lBND01 _mLF1 _820110415 _f04 _pCT _g22805 |
|
| 942 |
_2ddc _cBK |
||
| 945 | _ainventariado, 2018 / dg | ||
| 956 |
_aIGARCIA _b10 _c20110209 _lBND01 _h0931 |
||
| 956 |
_aVMATEO _b10 _c20150423 _lBND01 _h00151 |
||
| 999 |
_c7689 _d7689 |
||